| 000 | 00615nam a22002297a 4500 | ||
|---|---|---|---|
| 003 | Ost | ||
| 005 | 20260312053951.0 | ||
| 008 | 260312b |||||||| |||| 00| 0 eng d | ||
| 020 | _a9789354642104 | ||
| 040 | _cBT-PhCST | ||
| 050 | _a25736-25740 | ||
| 082 |
_222 _a621.3678 _bLIL |
||
| 100 | _a Lillesand, Thomas M. | ||
| 245 | _aRemote sensing and image interpretation / | ||
| 250 | _a7th ed. | ||
| 260 |
_aIndia : _bWiley and Sons, _cc2023 |
||
| 300 |
_axix, 719 p. : _bill. ; _c23 cm. |
||
| 500 | _aIncludes index. | ||
| 700 | _aKiefer, Ralph W. | ||
| 700 | _aChipman, Jonathan W. | ||
| 942 |
_2ddc _cWRE |
||
| 999 |
_c10188 _d10188 |
||